Score 0/20 Timer 03:00
1 Play Today
Author Answer % Correct
F. _____ FitzgeraldScott
96.7%
J. D. _____Salinger
95.6%
_____ KingStephen
95.4%
George Bernard _____Shaw
94.5%
William _____Shakespeare
94.1%
Robert Louis _____Stevenson
92.6%
Bram _____Stoker
92.3%
Mary _____Shelley
91.5%
_____ PlathSylvia
84.1%
_____ BeckettSamuel
81.5%
Author Answer % Correct
Jonathan _____Swift
80.8%
John _____Steinbeck
78%
_____ RushdieSalman
77.7%
_____ CollinsSuzanne
72.4%
Shel _____Silverstein
72.2%
_____ de BeauvoirSimone
71.2%
Jean-Paul _____Sartre
70.3%
_____ GraftonSue
68.5%
_____ BellowSaul
66.4%
Adam _____Smith
65.1%

Today's Daily Dose

You're not logged in!

Compare scores with friends on all Sporcle quizzes.
OR
Log In

Sporcle TV

Today on Sporcle TV


Watch our educational content, quiz creation guides, and fun videos on Sporcle TV.

Show Comments

Extras

Top Quizzes Today


Score Distribution

Paid Content

Your Account Isn't Verified!

In order to create a playlist on Sporcle, you need to verify the email address you used during registration. Go to your Sporcle Settings to finish the process.

Report this User

Report this user for behavior that violates our Community Guidelines.

Details: